| 000 | 00458pab a2200157 454500 | ||
|---|---|---|---|
| 008 | 180718b1995 xxu||||| |||| 00| 0 eng d | ||
| 100 | _aWong, H.K. | ||
| 245 |
_aAnomalies and issue in welfare pluralism _bfinancing residential care for the elderly in Hong Kong. |
||
| 260 | _c1995 | ||
| 300 | _ap.248-66 | ||
| 362 | _aDec | ||
| 650 | _aOld age homes - Hong Kong | ||
| 650 | _aOld age | ||
| 773 | _aAsian Journal of Public Administration | ||
| 909 | _a31310 | ||
| 999 |
_c31310 _d31310 |
||